IEEE Workshop on Content-Based Access of Image and Video Libraries : proceedings, June 12, 2000, Hilton Head Island, South Carolina : in conjunction with IEEE CBAIVL-2000.

Αποθηκεύτηκε σε:
Λεπτομέρειες βιβλιογραφικής εγγραφής
Συγγραφή απο Οργανισμό/Αρχή: IEEE Workshop on Content-Based Access of Image and Video Libraries
Μορφή: Πρακτικό Συνεδρίου Βιβλίο
Γλώσσα:English
Δημοσίευση: Los Alamitos, Calif. : IEEE Computer Society, c2000.
Θέματα:
Ετικέτες: Προσθήκη ετικέτας
Δεν υπάρχουν, Καταχωρήστε ετικέτα πρώτοι!

MARC

LEADER 00000cam a2200000 i 4500
001 1/20337
008 010803s2000 cau| ||| |||| ||eng||
020 |a 076950695X 
035 |l 10067110 
040 |a GR-MyUA  |b gre  |e AACR2 
041 0 |a eng 
082 0 |a 006.3 
111 2 |a IEEE Workshop on Content-Based Access of Image and Video Libraries. 
245 1 0 |a IEEE Workshop on Content-Based Access of Image and Video Libraries :   |b proceedings, June 12, 2000, Hilton Head Island, South Carolina : in conjunction with IEEE CBAIVL-2000.  
260 |a Los Alamitos, Calif. :   |b IEEE Computer Society,   |c c2000.  
300 |a viii, 119 σ. :   |b εικ. ;   |c 28 εκ. 
504 |a Περιέχει ευρετήριο.  
650 0 0 |a Image processing  |x Databases  |x Congresses. 
650 0 0 |a Database management  |x Congresses. 
650 0 0 |a Optical pattern recognition  |x Congresses. 
650 0 0 |a Optical storage devises  |x Congresses. 
852 |a INST  |b SAMOS  |e 20010803  |h 006.3 IEE  |p 005300020598  |q 005300020598  |t BK  |y 0 
852 |a INST  |b SAMOS  |e 20010807  |h 006.3 IEE  |p 005300020600  |q 005300020600  |t BK  |y 0 
901 |a BIBL3-2001-2 
922 |a 3ΕΛΗ  |b 200008  |c ΤΠΕΣ/ΠΟΛ-2  |d LEADER 
970 |a ΜΑΛΑΓΑΡΗ  |b ΦΩΤΕΙΝΗ  |z 2001/08/03